000 00486nam a2200181Ia 4500
005 20250508161654.0
008 008 250505s9999 xx 000 0 eng d
037 _aTextual
040 _aFEDL
_beng
_cFEDL
041 _aeng
_2eng
084 _a301.34, DAV
_qFEDL
245 0 _aCulture community. Unit 2
260 _aNew York, USA
_bAmerican Book Company
_c1971
300 _a80p.
650 _aSociology
942 _cTEXL
_h301.34, DAV
999 _c1371470
_d1371470